South Park Celebrities II Quiz Stats

Quiz Updated Apr 10, 2013

Challenge
Share
Tweet
Score 0/35 Timer 06:00
1 Play Today
% Correct
Larry King
79.9%
Dr. Phil McGraw
79.8%
Jay Leno
78.4%
Elton Jοhn
72.1%
Adam Sandler
71.6%
Will Smith and Jada Pinkett-Smith
67.9%
Peter Griffin and David Hasselhoff
66.1%
Charlie Sheen
64.5%
Rosie O'Donnell
64%
Mitt Romney
60.3%
Steve Jobs
53.5%
Jennifer Lopez
53%
John Travolta
51.9%
Tyler Perry
50.3%
Biggie Smalls
45.8%
Billy Mays
44%
Nicole Kidman
42.5%
Slash
39.1%
% Correct
Magic Johnson
35.6%
David Duchovny
35%
Jim Carrey
30.8%
Yoko Ono
30.3%
Carlos Mencia
30.2%
Sally Struthers
25.3%
Geraldo Rivera
20.3%
Brian Boitano
17.7%
Winona Ryder
14.5%
Natalie Portman
14.4%
Patrick Duffy
13.9%
John Edward
12.4%
Michael Bay
11.1%
Stephen Sondheim
5.9%
Sarah McLachlan
5.2%
Francis Ford Coppola
5.2%
Robert Redford
3.8%

You're not logged in!

Compare scores with friends on all Sporcle quizzes.
Sign Up with Email
OR
Log In

You Might Also Like...

Show Comments

Extras

Top Quizzes Today


Score Distribution

Your Account Isn't Verified!

In order to create a playlist on Sporcle, you need to verify the email address you used during registration. Go to your Sporcle Settings to finish the process.